Normal view
MARC view
Entry Personal Name
001 - CONTROL NUMBER
- control field: 43531
003 - CONTROL NUMBER IDENTIFIER
- control field: ARRUPE
005 - DATE AND TIME OF LATEST TRANSACTION
- control field: 20181120105938.0
008 - FIXED-LENGTH DATA ELEMENTS
- fixed length control field: 181120|| aca||aabn | a|a d
040 ## - CATALOGING SOURCE
- Original cataloging agency: ARRUPE
- Transcribing agency: ARRUPE
100 ## - HEADING--PERSONAL NAME
- Personal name: Hull , R.F.C. (tr.)
670 ## - SOURCE DATA FOUND
- Source citation: Work cat.: (ARRUPE)39097: Jung, Carl Gustav 25814, Two essays on analytical psychology, 1956